000 00532cam a2200205 4500
001 1292572
005 20180104081305.0
008 710818s1971 mnuabc b 001 0 eng
010 _a 76160014
040 _aDLC
_cDLC
_dDLC
041 _aeng
080 _a664.722 POM
082 0 0 _a664.722 POM
100 _a12
101 _aKIM
245 0 0 _aWheat :
_cEdited by Y. Pomeranz.
504 _aIncludes bibliographies.
906 _a7
_bcbc
_corignew
_d2
_encip
_f19
_gy-gencatlg
942 _2ddc
_cBK
999 _c39745
_d39745